Приборы для измерения давления, разрежения, количества, расхода и уровня: номенклатурный справочник

Chi tiết về thư mục
Tác giả của công ty: Министерство приборостроения, средств автоматизации и систем управления
Tóm tắt:Исключено из фонда НТБ ТПУ
Ngôn ngữ:Tiếng Nga
Được phát hành: Москва, ОНТИПРИБОР, 1966
Định dạng: Sách
KOHA link:https://koha.lib.tpu.ru/cgi-bin/koha/opac-detail.pl?biblionumber=72496

MARC

LEADER 00000nam0a2200000 4500
001 72496
005 20231101212639.0
035 |a (RuTPU)RU\TPU\book\77303 
090 |a 72496 
100 |a 20050126d1966 km y0rusy50 ca 
101 0 |a rus 
102 |a RU 
105 |a a g 001zy 
200 1 |a Приборы для измерения давления, разрежения, количества, расхода и уровня  |e номенклатурный справочник  |f Министерство приборостроения, средств автоматизации и систем управления 
210 |a Москва  |c ОНТИПРИБОР  |d 1966 
215 |a 348 с.  |c ил. 
320 |a Алфавитно-предметный указатель: с. 341-347. 
333 |a Исключено из фонда НТБ ТПУ 
712 0 2 |a Министерство приборостроения, средств автоматизации и систем управления  |9 24707 
801 1 |a RU  |b 63413507  |c 20050126  |g PSBO 
801 2 |a RU  |b 63413507  |c 20150618  |g PSBO 
942 |c BK